Normal view
MARC view
Entry Uniform Title
001 - CONTROL NUMBER
- control field: 22575
003 - CONTROL NUMBER IDENTIFIER
- control field: ARRUPE
005 - DATE AND TIME OF LATEST TRANSACTION
- control field: 20160229152804.0
008 - FIXED-LENGTH DATA ELEMENTS
- fixed length control field: 160229|| aca||aabn | a|a d
040 ## - CATALOGING SOURCE
- Original cataloging agency: ARRUPE
- Transcribing agency: ARRUPE
130 ## - HEADING--UNIFORM TITLE
- Uniform title: Abels, Janet Jiryu.v Congresses.
670 ## - SOURCE DATA FOUND
- Source citation: Work cat.: (ARRUPE)0: The world of Jesus and the early church :, c2011.